[Event "79th ARM-ch 2019"]
[Site "Yerevan"]
[Date "2019.01.14"]
[Round "3"]
[White "Hovhannisyan, Robert"]
[Black "Harutyunian, Tigran K."]
[Result "1/2-1/2"]
[WhiteElo "2637"]
[BlackElo "2542"]
[Annotator "TA"]
[PlyCount "93"]
[EventDate "2019.01.12"]
[EventType "tourn"]
[EventCountry "ARM"]
[SourceTitle "playchess.com"]
[Source "ChessBase"]
[SourceQuality "1"]

{[%evp 25,93,0,20,14,12,-7,13,0,0,0,0,0,0,0,0,0,0,0,18,10,9,8,8,8,8,8,8,8,8,8,8,8,3,3,0,0,10,14,16,16,16,3,3,3,16,16,16,16,16,16,16,16,16,16,16,0,0,0,0,0,0,0,9,0,0,0,0,0,4,0]} 1. e4 e5 2. Nf3 Nc6 3. Bb5 a6 4. Ba4 Nf6 5. O-O Be7 6. Re1 b5 7. Bb3 d6 8. c3 O-O 9. h3 Bb7 10. d4 Re8 11. a4 h6 12. axb5 {C92: Closed Ruy Lopez: 9...Be6, Karpov and Flohr-Zaitsev Variations} axb5 {[%cal Ba6b5,Bb5b4][%mdl 32]} 13. Rxa8 Qxa8 {LiveBook: 3 Games. The position is equal.} 14. Na3 b4 15. Nc4 {[%cal Rd4e5]} Bf8 16. d5 Na5 17. Nxa5 Qxa5 {[#]} 18. Bd2 $146 ({Predecessor:} 18. cxb4 Qxb4 19. Qc2 Rc8 {½-½ (19) Brkic,A (2588)-Stevic,H (2597) Zadar 2015}) 18... bxc3 19. bxc3 Rb8 20. Qc2 c6 21. c4 Qc7 22. Be3 cxd5 23. cxd5 Qxc2 24. Bxc2 Rc8 25. Bd3 Rc3 26. Rd1 Rxd3 27. Rxd3 {[#] Nd2 is the strong threat.} Nxe4 28. Bc1 Nf6 {Threatens to win with ...e4.} 29. Rb3 Bxd5 30. Rb8 Bxf3 31. gxf3 $11 {[%mdl 4096] Endgame KRB-KBN} g5 32. h4 Nh7 33. Ba3 {Strongly threatening Bxd6.} Kg7 34. hxg5 hxg5 35. Rd8 d5 36. Bxf8+ Nxf8 37. Rxd5 {KR-KN} f6 38. Kf1 Ne6 39. Rd7+ Kg6 40. Ke2 Kf5 41. Ke3 Nf4 42. Rd6 Ne6 43. Ra6 Nf4 44. Ra8 Ne6 45. Ra7 Nd4 46. Rf7 Ne6 47. Ra7 {Precision: White = 73%, Black = 73%.} 1/2-1/2

[Event "79th ARM-ch 2019"]
[Site "Yerevan"]
[Date "2019.01.14"]
[Round "3"]
[White "Andriasian, Zaven"]
[Black "Martirosyan, Haik M."]
[Result "1/2-1/2"]
[WhiteElo "2604"]
[BlackElo "2607"]
[Annotator "TA"]
[PlyCount "61"]
[EventDate "2019.01.12"]
[EventType "tourn"]
[EventCountry "ARM"]
[SourceTitle "playchess.com"]
[Source "ChessBase"]
[SourceQuality "1"]

{[%evp 20,61,0,0,0,0,0,-22,-27,-48,-39,-52,-45,-53,-32,-39,-37,-33,-35,-41,-47,-91,-95,-40,-20,-24,-31,-22,-23,-33,-27,-22,-18,-12,-11,-16,-9,-12,-9,-9,0,-24,0,-2]} 1. e4 e6 2. d4 d5 3. Bd3 dxe4 4. Bxe4 Nf6 5. Bf3 c5 6. Ne2 Nc6 {C01: French: Exchange Variation} 7. Be3 cxd4 (7... Nd5 8. Bxd5 Qxd5 9. Nbc3 Qxg2 10. Rg1 Qf3 11. Nb5 Rb8 12. dxc5 Bd7 13. Nc7+ Kd8 14. Nb5 {0-1 (54) Kramnik,V (2808)-Caruana,F (2808) Stavanger 2017}) 8. Nxd4 Ne5 9. Nc3 a6 10. Qe2 Nxf3+ 11. Qxf3 {LiveBook: 7 Games} e5 12. Nb3 Bb4 13. Bg5 h6 $146 ({Predecessor:} 13... Qd5 14. Qxd5 Bxc3+ {1-0 (60) Pruijssers,R (2496)-Pijpers,A (2445) Leiden 2017}) 14. Rd1 Qe7 15. Bxf6 $1 Qxf6 16. Qg3 Bf5 17. O-O Bxc3 $1 18. Qxc3 O-O 19. Rd5 Rfe8 20. Re1 Rac8 21. Rdxe5 (21. Qf3 $17) 21... Rxe5 22. Qxe5 Qxe5 23. Rxe5 Bxc2 $17 {[%mdl 4096] Endgame KRB-KRN} 24. Rc5 Rd8 {[%cal Rd8d1] [#]} 25. Kf1 Bd3+ 26. Ke1 $1 Re8+ 27. Kd1 $1 Be2+ 28. Ke1 $1 Bb5+ 29. Kd1 Be2+ 30. Ke1 $1 Bd3+ 31. Kd1 $1 {Accuracy: White = 55%, Black = 68%.} 1/2-1/2

[Event "79th ARM-ch 2019"]
[Site "Yerevan"]
[Date "2019.01.14"]
[Round "3"]
[White "Petrosyan, Manuel"]
[Black "Petrosian, Tigran L."]
[Result "1/2-1/2"]
[WhiteElo "2579"]
[BlackElo "2598"]
[Annotator "TA"]
[PlyCount "170"]
[EventDate "2019.01.12"]
[EventType "tourn"]
[EventCountry "ARM"]
[SourceTitle "playchess.com"]
[Source "ChessBase"]
[SourceQuality "1"]

{[%evp 18,170,32,7,19,11,10,17,18,10,10,12,16,12,8,14,50,44,74,40,47,52,120,108,112,106,118,100,121,126,118,118,118,116,118,118,123,118,125,120,128,126,117,108,102,108,107,113,121,112,120,117,126,110,163,155,181,144,154,29,40,31,20,33,65,83,71,67,74,78,72,74,73,75,75,75,83,11,83,83,83,83,343,339,550,550,510,145,145,145,480,145,145,145,150,145,128,103,103,104,263,263,263,263,263,8,8,8,8,8,8,8,8,8,8,8,8,8,263,8,8,8,8,8,8,8,8,8,8,8,8,8,8,8,8,8,8,8,8,8,38,49,49,0,85,131,173,208,208,248,265,265,272,288,295]} 1. d4 Nf6 2. c4 e6 3. Nc3 d5 4. cxd5 exd5 5. Bg5 c6 6. e3 Nbd7 7. Bd3 Bd6 8. Qc2 Nf8 9. Nf3 Ng6 10. Nh4 {LiveBook: 33 Games} Nf8 $146 {D35: Queen's Gambit Declined: Exchange Variation} ({Predecessor:} 10... O-O 11. O-O-O h6 12. Nxg6 fxg6 13. Bf4 Ng4 14. h3 Nxf2 15. Qxf2 g5 16. g3 gxf4 17. gxf4 Bf5 18. Bxf5 Rxf5 {½-½ (35) Gonda,L (2507)-Jakab,A (2359) Budapest 2017}) 11. Nf5 Bxf5 $1 12. Bxf5 Ng6 {The position is equal.} 13. O-O-O h6 $1 {[%cal Rh6g5]} 14. Bxf6 Qxf6 15. e4 Ne7 16. Bh3 $1 Bb4 17. e5 $36 {[%mdl 2048] Black is under pressure.} Qh4 18. Kb1 O-O 19. Rhf1 Kh8 (19... Bxc3 $14 20. Qxc3 Ng6) 20. Ne2 $16 Ba5 21. f4 f5 22. Ng1 Bb6 23. Qe2 Ng6 24. g3 {[%cal Bg2g3,Bg3g4][%mdl 32]} Qe7 25. g4 Qh4 {next ...fxg4 is good for Black.} 26. gxf5 Ne7 27. Qd3 Qh5 28. Ne2 Nxf5 29. Bxf5 Qxf5 30. Qxf5 Rxf5 31. Ng3 $1 {[%cal Rg3f5]} Rf7 32. f5 Raf8 33. Rf3 Kh7 34. Kc2 a5 35. Kd3 c5 (35... Bd8 $16 {was called for.}) 36. dxc5 Bxc5 37. Ke2 Rd7 38. Rfd3 (38. e6 $16 Rd6 39. Nh5) 38... d4 $11 39. Kf3 Re7 40. Kf4 Rfe8 41. e6 Bd6+ 42. Kg4 g6 43. Rxd4 Bxg3 44. hxg3 gxf5+ 45. Kxf5 Rxe6 $16 {[%mdl 4096] Endgame KRR-KRR} 46. Rd7+ R8e7 47. R1d6 ({White should try} 47. R1d5 $1 $16) 47... b5 (47... Re5+ $11 48. Kf4 Re4+ 49. Kf3 Re3+ 50. Kg4 R3e4+ 51. Kh3 b5) 48. Rd5 b4 49. b3 a4 $2 {[%mdl 8192]} (49... Re1 $16) 50. bxa4 $18 Re2 $2 (50... Kg7 51. Rxe7+ Rxe7) 51. Rxe7+ Rxe7 {KR-KR} 52. Rb5 $2 (52. a5 $18 {is the precise move to win.} Rf7+ 53. Ke4) 52... Rf7+ $16 53. Ke4 Re7+ $2 {[%mdl 8192]} (53... Rg7 $16 54. Kf4 Rf7+ 55. Ke3 Rg7) 54. Kf3 $2 (54. Kd4 $18 {and White stays clearly on top.}) 54... Rf7+ 55. Kg2 Rc7 56. Rxb4 Rc2+ 57. Kf3 h5 58. Kf4 Rxa2 $2 (58... Rc5 $16 59. Rd4 Kg6) 59. Kg5 $18 Ra3 60. Kh4 $1 {[%cal Rh4g5]} ({Don't do} 60. Kxh5 $6 Rxg3 61. Re4 Ra3 $16) 60... Kg6 {[#]} 61. Rc4 $2 ({Only move:} 61. Rb6+ $1 $18 Kf7 62. Ra6 (62. Kxh5 Rxg3 63. Ra6 Rg1 $11)) 61... Ra1 $11 {[%cal Ra1h1]} 62. Kh3 Ra2 63. Rc6+ Kg5 64. Ra6 Ra1 65. Ra5+ Kg6 66. Ra8 Ra2 67. a5 Kh6 $2 {[%mdl 8192] [#]} (67... Kg5 $11 {and Black is okay.} 68. a6 Kf6) 68. a6 $2 (68. g4 $1 $18) 68... Kg6 69. g4 {And now gxh5+ would win.} Ra3+ $1 70. Kh4 {aiming for a7.} Ra4 $1 71. a7 {Strongly threatening Rg8+.} Kg7 72. Kxh5 Ra5+ 73. Kh4 Ra4 74. Kg5 Ra5+ 75. Kf4 Ra4+ 76. Ke5 Ra1 77. Kd6 Rd1+ 78. Kc5 Rc1+ 79. Kb6 Rb1+ 80. Kc5 Rc1+ $1 81. Kb4 Rb1+ 82. Kc3 Ra1 83. Kb3 Ra6 84. g5 Ra1 85. Kc3 Ra6 {[%mdl 32768] Precision: White = 58%, Black = 63%. . An unexpected result.} 1/2-1/2

[Event "79th ARM-ch 2019"]
[Site "Yerevan"]
[Date "2019.01.14"]
[Round "3"]
[White "Hakobyan, Aram"]
[Black "Ter-Sahakyan, Samvel"]
[Result "1/2-1/2"]
[WhiteElo "2545"]
[BlackElo "2574"]
[Annotator "TA"]
[PlyCount "110"]
[EventDate "2019.01.12"]
[EventType "tourn"]
[EventCountry "ARM"]
[SourceTitle "playchess.com"]
[Source "ChessBase"]
[SourceQuality "1"]

{[%evp 26,110,20,0,0,0,-10,-2,5,0,9,7,25,0,0,-22,0,0,0,-16,9,0,15,0,29,27,39,0,0,0,0,0,0,0,33,35,47,51,70,41,41,36,68,28,41,17,24,17,17,17,17,17,17,17,17,17,17,17,17,11,13,0,0,0,0,0,0,0,0,0,0,0,0,0,0,0,0,0,0,0,0,0,0,0,0,-12,0]} 1. d4 Nf6 2. c4 e6 3. g3 d5 4. Bg2 Be7 5. Nf3 O-O 6. Nc3 dxc4 7. Ne5 Nc6 8. Bxc6 bxc6 9. Nxc6 Qe8 10. Nxe7+ Qxe7 11. Qa4 c5 12. dxc5 {E06: Closed Catalan: Early deviations} Qxc5 13. Be3 Qc7 14. O-O-O {LiveBook: 6 Games} Bb7 (14... Ng4 15. Rd2 Nxe3 16. fxe3 Rb8 17. Rhd1 a5 18. Kb1 h6 19. Ka1 Rb4 {1-0 (49) Caruana,F (2822)-Nakamura,H (2777) Saint Louis 2018}) 15. f3 Rfc8 $146 ({Predecessor:} 15... Nd5 16. Bd4 e5 17. Nxd5 Bxd5 18. Bc3 Be6 19. Rd2 Rfc8 {1-0 (57) Berkes,F (2678)-Turayev,S (2156) Batumi 2018}) 16. Rd2 a5 17. Rhd1 Nd5 18. Bd4 Qe7 19. Nxd5 exd5 20. Qc2 Ra6 21. Qc3 Re6 22. e3 f6 23. g4 Bc6 24. h4 Qb4 25. Rg1 Re7 26. Qc2 Ba4 27. Qf5 Bd7 $1 {[%cal Rd7f5]} 28. Qc2 Ba4 29. Qc3 Qxc3+ (29... Bc6 {with more complications.}) 30. Bxc3 Bc6 31. Bd4 Rce8 32. Re2 a4 33. a3 Rb8 34. h5 (34. g5 $5 {[%cal Rg5f6]}) 34... Rb3 35. Rd1 h6 36. Bc3 Kf7 {The position is equal.} 37. Rd4 Rb8 38. Kd2 Rbe8 39. Rf4 Bd7 40. Bd4 Kg8 41. Ke1 Re5 42. Kf2 Rg5 43. Re1 f5 {[%cal Rf5g4]} 44. gxf5 Bxf5 45. Rh4 {next f4 is good for White.} Rf8 46. Reh1 Be6 47. f4 Rff5 48. Ke1 Rg2 49. R4h2 Rg4 50. Kd2 Rf7 51. Ke2 Rf5 52. Bb6 Rf7 53. Kf3 Rg5 54. Ke2 Rg4 55. Bd4 Rf5 {Accuracy: White = 68%, Black = 61%.} 1/2-1/2

[Event "79th ARM-ch 2019"]
[Site "Yerevan"]
[Date "2019.01.14"]
[Round "3"]
[White "Sargsyan, Shant"]
[Black "Pashikian, Arman"]
[Result "0-1"]
[WhiteElo "2486"]
[BlackElo "2599"]
[Annotator "TA"]
[PlyCount "102"]
[EventDate "2019.01.12"]
[EventType "tourn"]
[EventCountry "ARM"]
[SourceTitle "playchess.com"]
[Source "ChessBase"]
[SourceQuality "1"]

{[%evp 21,102,0,5,0,14,0,0,0,9,0,0,-12,0,0,0,0,-9,-9,-9,-18,-7,-18,-9,-33,0,0,29,-44,-67,-157,-60,-45,-23,-120,-121,-146,-146,-146,-146,-125,-118,-147,-144,-200,-166,-130,-144,-320,-328,-297,-307,-352,0,-125,0,-352,-359,-359,-352,-1066,-1047,-1056,-1364,-1283,-1275,-1270,-1250,-1200,-1200,-1112,-1096,-1007,-1064,-1064,-1064,-1064,-954,-29984,-29983,-29983,-1097,-29983,-29984]} 1. e4 e5 2. Nf3 Nc6 3. Bc4 Bc5 4. c3 Nf6 5. d4 exd4 6. e5 d5 7. Be2 Ne4 8. cxd4 Bb4+ 9. Bd2 Nxd2 10. Nbxd2 O-O {C54: Giuoco Piano: 4 c3 Nf6, main lines with 5 d4 and 5 d3} 11. O-O f6 {LiveBook: 8 Games} 12. Bb5 $146 ({Predecessor:} 12. Rc1 Kh8 13. Nb3 Bg4 14. a3 Be7 15. Re1 fxe5 16. dxe5 Rf4 17. h3 Bh5 18. Nc5 Bxc5 19. Rxc5 {1-0 (28) Jobava,B (2702)-Karjakin,S (2786) Loo 2013}) 12... Ne7 {[%cal Bc6e7,Be7f5,Bf5g7][%mdl 32] The position is equal.} 13. Bd3 fxe5 14. Nxe5 Nf5 15. Qc2 g6 16. Nb3 a5 {[#] Strongly threatening ...a4.} 17. g4 Ng7 18. f4 $1 Bd6 19. Qg2 Qh4 20. Qxd5+ Be6 21. Qxb7 Bxe5 22. fxe5 {Be2 is the strong threat.} Qxg4+ $40 {[%mdl 128] Black mounts an attack.} 23. Qg2 Qh4 24. Rxf8+ (24. Qg3 $11 Qxg3+ 25. hxg3) 24... Rxf8 $15 25. Rf1 (25. Qg3 $1 $15 Qh6 26. Be4 (26. Nxa5 $2 Nh5 $19)) 25... Rxf1+ ({Better is} 25... Bxb3 $1 $17 26. Rxf8+ Kxf8 27. axb3 Qxd4+ 28. Qf2+ {[%mdl 64] Double Attack} Nf5 29. Qxd4 (29. Bxf5 $2 Qxf2+ 30. Kxf2 gxf5 $19) 29... Nxd4) 26. Bxf1 Bxb3 27. Qa8+ (27. axb3 $11 {keeps the balance.} Qxd4+ {[%mdl 64] Double Attack} 28. Qf2) 27... Kf7 $17 28. axb3 Qxd4+ {[%mdl 64] [#] Double Attack} 29. Kh1 Qxe5 30. Bc4+ Kf6 31. Qd8+ Kf5 32. Kg2 (32. Qd7+ $17 {is a better defense.} Kg5 33. Qd2+ Kh4 34. Qd8+ Kh5 35. Qd1+ Kh6 36. Qd2+ Qg5 37. Qf2) 32... Qxb2+ 33. Kf3 Qc3+ (33... Qxh2 $6 34. Bd3+ Ke6 35. Qg8+ Kf6 36. Qf8+ Kg5 37. Qxg7 $11) 34. Bd3+ $2 (34. Kf2 $17 {was called for.}) 34... Ke5 $19 (34... Ke6 35. Kg4 $19) 35. Ke2 Qb2+ (35... Qxb3 36. Qxc7+ Kf6 37. Qd8+ Ke5 38. Qc7+ (38. Qxa5+ Qd5 $17) 38... Kf6 39. Qd8+ Ke5 40. Qc7+ $11 (40. Qxa5+ Qd5 $17)) 36. Kf3 Qc3 $2 (36... Qxb3 $19 37. Qxc7+ Kd4 38. Qd8+ Qd5+ 39. Qxd5+ Kxd5) 37. Ke2 $17 Qb2+ $2 ({Reject} 37... Qxb3 $6 38. Qxc7+ Kf6 39. Qd8+ Ke5 40. Qc7+ (40. Qxa5+ Qd5 $17) 40... Kf6 41. Qd8+ Ke5 42. Qc7+ $11 (42. Qxa5+ Qd5 $17)) (37... Qc1 $17 38. Qe7+ Ne6) 38. Kf3 $19 Qxb3 39. Qxc7+ Kd4 40. Qxg7+ $2 (40. Qd8+ Qd5+ 41. Qxd5+ Kxd5 42. Ke2) 40... Kxd3 41. Qxh7 {[%mdl 4096] Endgame KQ-KQ} Qd5+ 42. Kf2 Qf5+ 43. Kg3 Qg5+ 44. Kf2 Qf4+ 45. Kg2 Qg4+ 46. Kf2 a4 47. Qg8 Qf4+ 48. Kg2 Ke3 {( -> ...Qf3+)} 49. Kh3 Qf3+ 50. Kh4 Qg2 (50... g5+ $2 51. Qxg5+ Qf4+ 52. Kh3 $17) (50... Qf2+ $142 51. Kg5 Qf4+ 52. Kxg6 Qg4+ 53. Kf7 Qxg8+ 54. Kxg8 a3 55. h4 Kf4 56. Kf7 a2 57. Ke7 a1=Q 58. Kd6 Qf6+ 59. Kc5 Qxh4 60. Kd5 Qd8+ 61. Kc4 Ke4 62. Kb4 Kd4 63. Kb3 Kd3 64. Ka4 Qb6 65. Ka3 Kc3 66. Ka4 Qb4#) 51. h3 Qf2+ {Accuracy: White = 30%, Black = 65%.} 0-1

[Event "79th ARM-ch 2019"]
[Site "Yerevan"]
[Date "2019.01.15"]
[Round "4"]
[White "Martirosyan, Haik M."]
[Black "Ter-Sahakyan, Samvel"]
[Result "1/2-1/2"]
[WhiteElo "2607"]
[BlackElo "2574"]
[Annotator "TA"]
[PlyCount "66"]
[EventDate "2019.01.12"]
[EventType "tourn"]
[EventCountry "ARM"]
[SourceTitle "playchess.com"]
[Source "ChessBase"]
[SourceQuality "1"]

{[%evp 13,66,-23,-8,-52,-56,-39,-43,-69,-62,-93,-84,-94,-83,-74,-53,-75,-43,-34,-43,-33,-38,-33,-37,-35,0,0,0,0,0,0,0,0,0,-29,0,0,0,0,0,0,0,0,0,0,0,0,0,0,0,0,0,0,0,-2,-2]} 1. d4 Nf6 2. c4 e6 3. Nf3 d5 4. Nc3 dxc4 5. Bg5 a6 6. e3 {D24: Queen's Gambit Accepted: 3 Nf3 Nf6 4 Nc3} (6. a4 Nc6 7. e3 Na5 8. Nd2 c5 9. Bxf6 Qxf6 10. d5 Qg6 11. Qf3 exd5 12. Nxd5 Bd6 13. h3 O-O 14. Nxc4 Nxc4 15. Bxc4 Bf5 16. Nc3 Be5 17. O-O {½-½ (17) Bruzon Batista,L (2653)-Liang,A (2572) Saint Louis 2018}) 6... b5 7. a4 c6 {LiveBook: 16 Games} 8. Be2 Bb7 9. O-O Nbd7 10. Qb1 $146 ({Predecessor:} 10. e4 Qc7 11. e5 Nd5 12. Ne4 c5 13. axb5 axb5 14. Rxa8+ Bxa8 15. b3 {½-½ (26) Guerrero,A (2154)-Granara Barreto,S (2257) Villa Martelli 2008}) 10... Be7 11. b3 cxb3 12. Qxb3 O-O 13. Rfd1 b4 14. a5 $1 Ra7 15. Bxf6 Nxf6 16. Na4 Qxa5 {Threatens to win with ...Nd7.} 17. Nc5 $1 Qc7 {And now ...Bxc5 would win.} 18. Qxb4 a5 19. Qc4 Bxc5 20. Qxc5 Rfa8 21. Ne5 a4 22. Bf3 Ra5 23. Qc2 Nd5 24. Ra3 {The position is equal.} Qe7 25. Rda1 c5 26. Rxa4 Rxa4 27. Rxa4 cxd4 28. Rxa8+ Bxa8 29. Qa4 Nb6 30. Qxd4 Bxf3 31. Qxb6 Bd5 32. Qb8+ Qf8 33. Qxf8+ Kxf8 {Precision: White = 71%, Black = 81%.} 1/2-1/2

[Event "79th ARM-ch 2019"]
[Site "Yerevan"]
[Date "2019.01.15"]
[Round "4"]
[White "Andriasian, Zaven"]
[Black "Sargsyan, Shant"]
[Result "1/2-1/2"]
[WhiteElo "2604"]
[BlackElo "2486"]
[Annotator "TA"]
[PlyCount "51"]
[EventDate "2019.01.12"]
[EventType "tourn"]
[EventCountry "ARM"]
[SourceTitle "playchess.com"]
[Source "ChessBase"]
[SourceQuality "1"]

{[%evp 22,51,0,0,0,-18,-14,-50,0,0,-4,0,0,0,0,0,0,0,40,10,0,2,2,3,11,23,11,0,19,0,16,0]} 1. e4 c6 2. d4 d5 3. e5 Bf5 4. h4 h5 5. Bd3 Bxd3 6. Qxd3 e6 7. Nf3 Qa5+ {B12: Caro-Kann: Advance Variation} 8. Nbd2 Qa6 9. c4 Nd7 (9... Ne7 10. b3 Nf5 11. a4 Nd7 12. O-O Be7 {0-1 (46) Andriasian,Z (2591)-Vidit,S (2718) chess.com INT 2018}) 10. O-O Nh6 11. Qc3 Nf5 12. b3 {LiveBook: 4 Games} Be7 13. g3 $146 O-O 14. a4 Rac8 15. c5 b6 {[%cal Rb6c5]} 16. b4 f6 17. exf6 Bxf6 18. Re1 bxc5 19. bxc5 Rfe8 (19... Nxd4 $5 20. Nxd4 e5 $14) 20. Nb3 Qc4 21. Bd2 Rb8 22. Ra3 Bd8 23. Nc1 Bf6 {[%cal Rf5d4]} 24. Nb3 {The position is equal.} Bd8 25. Nc1 Bf6 {[%cal Rf5d4]} 26. Nb3 {Accuracy: White = 38%, Black = 69%.} 1/2-1/2

[Event "79th ARM-ch 2019"]
[Site "Yerevan"]
[Date "2019.01.15"]
[Round "4"]
[White "Pashikian, Arman"]
[Black "Hovhannisyan, Robert"]
[Result "1-0"]
[WhiteElo "2599"]
[BlackElo "2637"]
[Annotator "TA"]
[PlyCount "127"]
[EventDate "2019.01.12"]
[EventType "tourn"]
[EventCountry "ARM"]
[SourceTitle "playchess.com"]
[Source "ChessBase"]
[SourceQuality "1"]

{[%evp 14,127,22,17,11,22,29,-47,20,19,11,0,14,0,2,-11,-2,-21,-9,-2,0,-16,-25,-16,0,0,0,0,0,0,0,0,0,0,0,0,0,-1,0,-9,-6,-7,-4,-13,-6,-4,-8,-32,0,0,0,0,0,0,0,0,117,0,117,117,117,122,177,153,153,111,141,162,121,163,331,228,229,0,292,276,333,330,309,272,254,254,543,528,722,719,714,682,5600,4806,29960,29969,29969,29970,29970,29971,29969,12840,12834,12841,12836,12838,6782,12797,6079,6121,4722,4602,29978,29979,29979,29980,29980,29981,29980,29978]} 1. d4 d5 2. Nf3 Nf6 3. c4 c6 4. e3 Bg4 5. Qb3 Qb6 6. Ne5 Bf5 {D11: Slav Defence: 3 Nf3 sidelines and 3...Nf6 4 e3 Bg4} (6... Be6 7. Nc3 Nbd7 8. Nxd7 Bxd7 9. cxd5 Nxd5 10. Bc4 Qxb3 11. Bxb3 e6 12. Ne4 Be7 13. Bd2 b6 14. Rc1 {½-½ (44) Wojtaszek,R (2727)-Yu,Y (2765) Batumi 2018}) 7. f3 e6 8. g4 {LiveBook: 3 Games} Bxb1 {The position is equal.} 9. Rxb1 Nbd7 10. Nd3 $146 (10. Nxd7 $11 Nxd7 11. Bd2) ({Predecessor:} 10. Nxd7 Nxd7 11. Bd2 dxc4 12. Bxc4 Qc7 13. Rc1 O-O-O 14. f4 {½-½ (26) Kaan,J (2240)-Marez,S (2384) ICCF email 2016}) 10... Be7 (10... dxc4 $15 11. Qxc4 h5) 11. Bd2 $11 O-O 12. Rc1 dxc4 13. Rxc4 Nd5 14. Qxb6 axb6 15. a4 c5 16. e4 Bh4+ 17. Kd1 Ne7 $1 18. dxc5 Nxc5 19. Nxc5 bxc5 20. Rxc5 Rxa4 21. Bb5 Ra1+ 22. Rc1 Ra2 23. Kc2 Bf6 24. Rb1 {aiming for g5.} Nc6 25. Bxc6 bxc6 26. Bc3 Bxc3 27. Kxc3 {[%mdl 4096] Endgame KRR-KRR} Rb8 28. h4 Ra5 29. Rhc1 h5 30. g5 g6 31. Kd3 Rb6 32. b4 Ra8 33. Kd4 Kg7 34. Rc4 Ra3 (34... Raa6 $11) 35. Rc3 ({Only move:} 35. Kc5 $1 $16 {[%cal Rc5b6]} Rba6 36. Kd6) 35... Ra2 (35... Ra4 $11 {keeps the balance.}) 36. Kc5 $1 $16 {[%cal Rc5b6]} Rb8 {[#]} 37. Kd6 $1 Rd2+ (37... Ra4 $16 {was necessary.}) 38. Kc7 $18 Rdd8 39. Rxc6 {Strongly threatening b5.} Kf8 {[#] ( -> ...Ke7)} 40. Rb6 $1 {[%cal Rb6b8]} Rdc8+ 41. Kd7 {Rxb8 is the strong threat.} Ra8 $2 (41... Rd8+ {might work better.} 42. Kc6 Rbc8+ 43. Kb7 Rb8+ 44. Ka6 Ra8+ 45. Kb5 Ra3) 42. Kd6 Ra3 43. Kd7 Raa8 $1 {and the idea ...Rd8+ leaves Black hopeful.} 44. Rb7 Rd8+ 45. Kc6 Ra3 46. b5 {[%cal Bb4b5,Bb5b6][%mdl 32]} Rc3+ 47. Kb6 Rd6+ $2 (47... Ke8 48. Rf1 Rd4) 48. Ka5 Ra3+ 49. Kb4 Rxf3 50. b6 Rd4+ 51. Kb5 Rxe4 52. Rc7 Re5+ 53. Rc5 Rxc5+ 54. Kxc5 {KR-KR} Rc3+ 55. Kd4 (55. Kb5 $142 Rc8 56. b7 Rb8 57. Kb6 Ke7 58. Kc7 Re8 59. b8=Q Rxb8 60. Rxb8) 55... Rc8 56. b7 Rb8 57. Ke5 Ke7 58. Rb2 (58. Rb3 $142 Kd7 59. Kf6) 58... Kd7 59. Kf6 Ke8 60. Rb1 e5 61. Kxe5 {White mates.} Ke7 62. Rb2 Kd7 63. Kf6 Ke8 64. Re2+ {Accuracy: White = 63%, Black = 54%.} 1-0

[Event "79th ARM-ch 2019"]
[Site "Yerevan"]
[Date "2019.01.15"]
[Round "4"]
[White "Petrosian, Tigran L."]
[Black "Hakobyan, Aram"]
[Result "0-1"]
[WhiteElo "2598"]
[BlackElo "2545"]
[Annotator "TA"]
[PlyCount "73"]
[EventDate "2019.01.12"]
[EventType "tourn"]
[EventCountry "ARM"]
[SourceTitle "playchess.com"]
[Source "ChessBase"]
[SourceQuality "1"]

{[%evp 22,73,4,-7,-11,-9,-7,-9,-9,-9,-3,-8,0,-8,-4,-22,0,0,0,-104,-95,-112,-106,-102,-102,-103,-86,-199,-12,-26,0,0,86,77,165,52,97,97,113,-9,-25,-30,-27,-46,-38,-43,-37,-41,-51,-101,-96,-470,-443,-491]} 1. d4 Nf6 2. Nf3 g6 3. Bg5 Bg7 4. c3 O-O 5. Nbd2 d6 6. e4 c5 7. dxc5 dxc5 8. Be2 Nc6 9. O-O Qc7 10. Qc2 Nh5 {A48: 1 d4 Nf6 2 Nf3 g6: Torre, London and Colle Systems} 11. Rfe1 Nf4 12. Bf1 {LiveBook: 4 Games} Rd8 $146 {[%cal Bf8d8,Bd8d7,Bd7d2][%mdl 32] The position is equal.} ({Predecessor:} 12... h6 13. Bh4 e5 14. Nc4 f5 15. Ne3 Kh8 16. Rad1 Nh5 17. exf5 gxf5 18. Bc4 {1-0 (30) Wang,R (2477)-Guseinov,G (2571) Moscow 2004}) 13. Bh4 Bh6 14. Nc4 Bg4 15. Nfd2 Rd7 16. Ne3 Be6 17. Nf3 Rad8 18. Ng5 Bxg5 19. Bxg5 Qe5 20. Bh4 (20. Bxf4 $11 Qxf4 21. Red1) 20... Rd2 $17 21. Qc1 Qxe4 {...Nh3+! is the strong threat.} 22. Bg3 g5 $1 23. b3 Qg6 24. Qa3 {[#]} (24. Rd1 $17 Rxd1 25. Nxd1) 24... b6 $2 ({Black should try} 24... h5 $1 $19 {[%cal Rh5h4]} 25. Qxc5 h4 26. Bxf4 gxf4) 25. Qa4 $11 Bd7 26. Rad1 Nd4 (26... Rxd1 $11 {keeps the balance.} 27. Rxd1 e5) 27. Qxa7 $16 Nde2+ (27... Rxd1 $16 {keeps fighting.} 28. Rxd1 Nfe2+ 29. Bxe2 Nxe2+ 30. Kh1 Nxc3) 28. Kh1 (28. Rxe2 $18 Nxe2+ 29. Bxe2 Rxe2 30. Qc7 (30. Rxd7 Re1+ 31. Nf1 Rxf1+ 32. Kxf1 Qb1+ 33. Ke2 Qc2+ 34. Ke3 Qxc3+ 35. Ke4 Qc2+ 36. Ke3 Qc3+ 37. Ke4 Qc2+ 38. Ke3 Qc3+ $11)) 28... Bc6 {And now ...Nxg2! would win.} 29. Rxd2 Rxd2 30. Qb8+ (30. Qxe7 $16 {Black must now prevent Qe5.} h6 31. a4) 30... Kg7 $11 31. Bxf4 Nxf4 32. Qe5+ Qf6 $1 {[%cal Rf6e5]} 33. Nf5+ Kf8 34. Qb8+ (34. Qxe7+ $2 Qxe7 35. Nxe7 {[#]} Bxg2+ $1 {[%mdl 512]} 36. Bxg2 Nd3 $19) 34... Be8 35. Nxe7 Ne6 36. Nd5 $2 {[%mdl 8192]} (36. Nc8 $17 {was the crucial defense.} Rd8 37. Qb7) 36... Rxd5 $19 37. Kg1 {Precision: White = 32%, Black = 50%.} 0-1